000 00570nam a2200157Ia 4500
008 220216s9999 xx 000 0 und d
100 _aMercy M A
245 0 _aEvaluation of polycross seedlings of prepotent Hevea clones: Potential for yield improvement and drought tolerance
260 _bPLACROSYM XIX, 7-10 December 2010, Kottayam. Climate Change. 19th Biennial Symposium on Plantation Crops. Abstracts.pp.40-42
650 _aDrought tolerance
650 _aGirth
650 _aJuvenile yield
650 _aPolycross seeds
700 _aMydin K K
942 _cJS
999 _c58984
_d58984